000 00465nam a2200169 i 4500
001 23287
003 ES-MaACL
005 20251009063048.0
007 t|
008 021210s1917 sp ||||1| spa d
100 0 _aAlomar, Gabriel,
_d1873-1941
_920176
245 1 3 _aLa guerra a través de un alma /
_cGabriel Alomar.
260 _aMadrid :
_bRenacimiento,
_c1917.
300 _a350 p. ;
_c18 cm.
852 _aES-MaACL
_jF-3510
999 _c23287
_d23287